[Event "European Online CC GpA"]
[Site "Tornelo INT"]
[Date "2021.03.27"]
[Round "1.2"]
[Board "3"]
[White "Timofeev, Artyom"]
[Black "Pribyl, Viktor"]
[Result "1-0"]
[WhiteTitle "GM"]
[BlackTitle "CM"]
[WhiteElo "2594"]
[BlackElo "2208"]
[WhiteTeam "Ladya Kazan"]
[BlackTeam "Bohemian Fire B"]
[WhiteFideId "4140419"]
[BlackFideId "371971"]
[EventDate "2021.03.27"]
[EventType "team"]

1. d4 Nf6 2. c4 g6 3. Nc3 d5 4. Bf4 Bg7 5. e3 O-O 6. Rc1 dxc4 7. Bxc4 c5 8. dxc5
Qa5 9. Ne2 Qxc5 10. Qb3 Qb6 11. Qxb6 axb6 12. O-O Na6 13. Rfd1 Nh5 14. Bg5 Bf6
15. Bh6 Bg7 16. Bxg7 Nxg7 17. Nd5 e5 18. Nxb6 Rb8 19. Nc3 Nf5 20. Nb5 Kg7 21.
Na7 Ne7 22. Naxc8 Nxc8 23. Nd7 1-0

[Event "European Online CC GpA"]
[Site "Tornelo INT"]
[Date "2021.03.27"]
[Round "2.1"]
[Board "2"]
[White "Grinev, Valeriy"]
[Black "Krieger, Markus"]
[Result "1-0"]
[WhiteTitle "IM"]
[WhiteElo "2441"]
[BlackElo "2050"]
[WhiteTeam "Green Chess"]
[BlackTeam "Triesen"]
[WhiteFideId "14117517"]
[BlackFideId "4669533"]
[EventDate "2021.03.27"]
[EventType "team"]

1. d4 Nf6 2. c4 e6 3. Nc3 Bb4 4. e3 c5 5. Ne2 b6 6. a3 Ba5 7. g3 Bb7 8. d5 exd5
9. Bg2 O-O 10. O-O Bxc3 11. Nxc3 Nc6 12. Nxd5 Nxd5 13. Bxd5 Qc7 14. Bd2 Ne7 15.
Bxb7 Qxb7 16. e4 Rfe8 17. Re1 f5 18. e5 Rad8 19. Bc3 Qc6 20. Qh5 Qg6 21. Qf3 Nc6
22. Rad1 Re6 23. Rd5 Qf7 24. Red1 g6 25. Qe3 Qe8 26. f4 Ne7 27. R5d2 Nc8 28. Qf3
Qf7 29. b3 h6 30. h4 Qe8 31. Qb7 Re7 32. Qd5+ Qf7 33. b4 d6 34. bxc5 bxc5 35.
exd6 Qxd5 36. dxe7 1-0

[Event "European Online CC GpA"]
[Site "Tornelo INT"]
[Date "2021.03.27"]
[Round "4.3"]
[Board "3"]
[White "Brozka, Karel"]
[Black "Wintzer, Joachim"]
[Result "0-1"]
[BlackTitle "FM"]
[WhiteElo "2080"]
[BlackElo "2274"]
[WhiteTeam "Bohemian Fire B"]
[BlackTeam "SF Berlin"]
[WhiteFideId "398705"]
[BlackFideId "4602854"]
[EventDate "2021.03.27"]
[EventType "team"]

1. d4 e6 2. c4 Nf6 3. Nc3 Bb4 4. Bg5 c5 5. d5 exd5 6. cxd5 d6 7. e3 Nbd7 8. Bd3
Qa5 9. Ne2 Nxd5 10. O-O Bxc3 11. Nxc3 Nxc3 12. bxc3 c4 13. Bxc4 Qxg5 14. Qxd6
Qe7 15. Qg3 O-O 16. Rfd1 Nf6 17. Rd4 Be6 18. Bxe6 Qxe6 19. h4 Rac8 20. Rb1 b6
21. Rc1 Ne4 22. Qf3 Nxc3 23. Kh2 Rc5 24. g4 Nxa2 25. Rg1 Rc4 26. Rd5 Nc3 27. Rf5
a5 28. h5 g6 29. hxg6 hxg6 30. Rf6 Qe5+ 31. Rg3 Ne4 32. Rf4 Nxg3 33. Rxc4 Ne4+
34. Kg2 Ng5 35. Qc6 Qe6 36. Qb5 Ne4 37. Rd4 Qxg4+ 38. Kf1 Rc8 39. Qb2 Qh3+ 40.
Ke2 Ng3+ 41. Kd2 Qf1 0-1

[Event "European Online CC GpA"]
[Site "Tornelo INT"]
[Date "2021.03.28"]
[Round "6.4"]
[Board "2"]
[White "Schmidek, Emil"]
[Black "Kamsky, Gata"]
[Result "0-1"]
[WhiteTitle "FM"]
[BlackTitle "GM"]
[WhiteElo "2402"]
[BlackElo "2665"]
[WhiteTeam "SF Berlin"]
[BlackTeam "Ladya Kazan"]
[WhiteFideId "12908150"]
[BlackFideId "2000024"]
[EventDate "2021.03.27"]
[EventType "team"]

1. d4 Nf6 2. c4 e6 3. Nc3 Bb4 4. e3 O-O 5. Ne2 d5 6. a3 Be7 7. cxd5 exd5 8. g3
c6 9. Bg2 Nbd7 10. O-O Nb6 11. Qc2 Re8 12. Rd1 Bd7 13. Bd2 Qc8 14. Nf4 Bf5 15.
Qb3 Bd6 16. Nce2 Nc4 17. Bb4 Bc7 18. a4 a5 19. Bc5 Ne4 20. Rac1 Ncd2 21. Qa2 g5
22. Nh5 Bg4 23. Rxd2 Bxh5 24. Rdc2 Qf5 25. Nc3 Nxc5 26. dxc5 Bg6 27. Qb3 Rab8
28. Ne2 h5 29. Nd4 Qf6 30. Rd2 h4 31. Qd1 hxg3 32. hxg3 Kg7 33. Qf3 Qxf3 34.
Bxf3 f5 35. Kg2 Kf6 36. Rh1 Rh8 37. Rdd1 Be5 38. Rxh8 Rxh8 39. Rh1 Rxh1 40. Kxh1
f4 41. gxf4 gxf4 42. Kg2 Bxd4 43. exd4 Be4 44. Bxe4 dxe4 45. Kh3 Kf5 46. Kg2 Ke6
47. Kh3 Kd5 48. Kg4 f3 0-1

[Event "European Online CC GpA"]
[Site "Tornelo INT"]
[Date "2021.03.28"]
[Round "8.5"]
[Board "2"]
[White "Schmidek, Emil"]
[Black "Nemeth, Miklos1"]
[Result "1/2-1/2"]
[WhiteTitle "FM"]
[BlackTitle "IM"]
[WhiteElo "2402"]
[BlackElo "2488"]
[WhiteTeam "SF Berlin"]
[BlackTeam "Haldas VSE Szombathely"]
[WhiteFideId "12908150"]
[BlackFideId "720232"]
[EventDate "2021.03.27"]
[EventType "team"]

1. d4 Nf6 2. c4 e6 3. Nc3 Bb4 4. e3 O-O 5. Ne2 c6 6. a3 Ba5 7. c5 d5 8. cxd6
Qxd6 9. b4 Bc7 10. g3 e5 11. Bg2 a5 12. b5 exd4 13. Nxd4 Rd8 14. bxc6 bxc6 15.
Ncb5 Qe7 16. Nxc7 Qxc7 17. O-O Ra6 18. Qc2 c5 19. Nb5 Qe7 20. Bb2 Rb6 21. a4 Na6
22. Rac1 Bd7 23. Rfd1 Bxb5 24. Rxd8+ Qxd8 25. axb5 Rxb5 26. Bf1 Rb6 27. Bxa6
Rxa6 28. Qxc5 h6 29. Bd4 a4 30. Qf5 Ra8 31. Bxf6 Qxf6 32. Rc8+ Rxc8 33. Qxc8+
Kh7 34. Qc2+ g6 35. Qxa4 h5 36. Qd4 Qf5 37. Kg2 Kg8 38. e4 Qe6 39. Qd5 Qf6 40.
h4 Kg7 41. Qd3 Qe5 42. Qd5 Qf6 43. Qc4 Qe5 44. Qe2 Kh7 45. Qf3 Kg7 46. Qf4 Qe6
47. Kf3 Qb3+ 48. Qe3 Qd1+ 49. Kg2 Qd6 50. Qf4 Qe6 51. e5 Qd5+ 52. Kh2 Qe6 53.
Kg1 Qc6 54. f3 Qc5+ 55. Kh1 Qf2 56. Qf6+ Kg8 57. Qf4 Qf1+ 58. Kh2 Qf2+ 59. Kh1
Qf1+ 60. Kh2 Qf2+ 61. Kh1 1/2-1/2

[Event "European Online CC GpA"]
[Site "Tornelo INT"]
[Date "2021.03.28"]
[Round "9.3"]
[Board "3"]
[White "Czopor, Maciej"]
[Black "Marin, Mihail"]
[Result "0-1"]
[BlackTitle "GM"]
[WhiteElo "2239"]
[BlackElo "2502"]
[WhiteTeam "Wood Green Monarchs"]
[BlackTeam "La Garde du Roi"]
[WhiteFideId "21805431"]
[BlackFideId "1200020"]
[EventDate "2021.03.27"]
[EventType "team"]

1. e4 e6 2. d4 d5 3. Nd2 c5 4. exd5 exd5 5. Ngf3 Nc6 6. Bb5 cxd4 7. O-O Bd6 8.
Nb3 Ne7 9. Nbxd4 O-O 10. c3 Bg4 11. Be2 Re8 12. Bg5 a6 13. Bh4 Qc7 14. Bg3 Rad8
15. Re1 Ng6 16. Qd2 Na5 17. Qg5 Bc8 18. Rad1 h6 19. Qc1 Nc4 20. b3 Bxg3 21. hxg3
Nd6 22. Bd3 Bg4 23. Bxg6 fxg6 24. Rxe8+ Rxe8 25. Qf4 Re4 26. Qd2 Kh7 27. Nc2 Nb5
28. Qxd5 Nxc3 29. Qd3 Nxd1 30. Qxe4 Bf5 31. Qh4 Qxc2 32. g4 Bd7 33. Ng5+ Kg8 34.
Nh3 g5 35. Qg3 Qe4 36. Qb8+ Kh7 37. f3 Qe3+ 38. Kh2 Bc6 39. Qd6 Nc3 0-1